U.S. Senators Who Served In The Military - Statistics

General Stats
  • This quiz has been taken 50 times
    7 since last reset
  • The average score is 11 of 18
Answer Stats
Branch Senator % Correct
Army Tammy Duckworth
100%
Navy Rick Scott
83%
Army Tom Cotton
83%
Marine Corps Dan Sullivan
67%
Army Ed Markey
67%
Navy Gary Peters
67%
Army Jack Reed
67%
Air Force Lindsey Graham
67%
Army Mitch McConnell
67%
Marine Corps Ruben Gallego
67%
Navy Tim Sheehy
67%
Navy Jim Banks
50%
Army Joni Ernst
50%
Marine Corps Todd Young
50%
Army David McCormick
33%
Marine Corps Richard Blumenthal
33%
Army Roger Marshall
33%
Air Force Roger Wicker
33%
No matching quizzes found
Score Distribution
Percent of People with Each Score
Percentile by Number Answered
Your Score History
You have not taken this quiz since the last reset